IFM Opac

SLAVE- CATCHING IN THE INDIAN OCEAN (Record no. 14439)

MARC details
000 -LEADER
fixed length control field 00367nam a22001457a 4500
020 ## - INTERNATIONAL STANDARD BOOK NUMBER
International Standard Book Number 7129 0293 7
082 ## - DEWEY DECIMAL CLASSIFICATION NUMBER
Classification number 326.967COL
100 ## - MAIN ENTRY--PERSONAL NAME
Personal name COLOMB, CAPTAIN
245 ## - TITLE STATEMENT
Title SLAVE- CATCHING IN THE INDIAN OCEAN
260 ## - PUBLICATION, DISTRIBUTION, ETC.
Place of publication, distribution, etc. LONDON
Name of publisher, distributor, etc. DAWSONS
Date of publication, distribution, etc. 1968
300 ## - PHYSICAL DESCRIPTION
Extent VIII,503P
Other physical details 25CM
650 ## - SUBJECT ADDED ENTRY--TOPICAL TERM
Topical term or geographic name entry element SLAVE- CATCHING IN THE INDIAN OCEAN
700 ## - ADDED ENTRY--PERSONAL NAME
Personal name COLOMB, CAPTAIN
942 ## - ADDED ENTRY ELEMENTS (KOHA)
Koha item type Books
Holdings
Withdrawn status Lost status Damaged status Not for loan Home library Current library Shelving location Date acquired Total Checkouts Full call number Barcode Date last seen Price effective from Koha item type
Withdrawn       IFM Main Campus Library IFM Main Campus Library Archival Collection 12/23/2015   326.967COL 0000007394 12/23/2015 02/19/2022 Books